FAMILY LAW II (Record no. 216363)
[ view plain ]
| 000 -LEADER | |
|---|---|
| fixed length control field | 00443nam a22001697a 4500 |
| 008 - FIXED-LENGTH DATA ELEMENTS--GENERAL INFORMATION | |
| fixed length control field | 251218b |||||||| |||| 00| 0 eng d |
| 020 ## - INTERNATIONAL STANDARD BOOK NUMBER | |
| International Standard Book Number | 978-93-91211-66-0 |
| 100 ## - MAIN ENTRY--PERSONAL NAME | |
| Personal name | SAXENA, POONAM PRADHAN |
| 245 ## - TITLE STATEMENT | |
| Title | FAMILY LAW II |
| 250 ## - EDITION STATEMENT | |
| Edition statement | 5TH ED |
| 260 ## - PUBLICATION, DISTRIBUTION, ETC. | |
| Place of publication, distribution, etc. | HARYANA, INDIA |
| Name of publisher, distributor, etc. | LEXISNEXIS |
| Date of publication, distribution, etc. | 2022 |
| 300 ## - PHYSICAL DESCRIPTION | |
| Extent | LXXVI, 646P. |
| 500 ## - GENERAL NOTE | |
| General note | INCLUDES SUBJECT INDEX |
| 650 ## - SUBJECT ADDED ENTRY | |
| Topical term or geographic name entry element | 1. FAMILY LAW -INDIA |
| 942 ## - ADDED ENTRY ELEMENTS (KOHA) | |
| Source of classification or shelving scheme | Library of Congress Classification |
| Koha item type | Long Loan Book |
| Withdrawn status | Lost status | Source of classification or shelving scheme | Damaged status | Not for loan | Collection | Home library | Current library | Shelving location | Date acquired | Inventory number | Total checkouts | Full call number | Barcode | Date last seen | Copy number | Price effective from | Koha item type |
|---|---|---|---|---|---|---|---|---|---|---|---|---|---|---|---|---|---|
| Library of Congress Classification | Law | Kisii University Library | Kisii University Library | On Display | 12/18/2025 | 110312 | KNS 540. S29 2022 | 000000018694 | 12/18/2025 | C.1 | 12/18/2025 | Long Loan Book | |||||
| Library of Congress Classification | Law | Kisii University Library | Kisii University Library | On Display | 12/18/2025 | 110313 | KNS 540. S29 2022 | 000000018693 | 12/18/2025 | C.2 | 12/18/2025 | Long Loan Book | |||||
| Library of Congress Classification | Law | Kisii University Library | Kisii University Library | On Display | 12/18/2025 | 110314 | KNS 540. S29 2022 | 000000018081 | 12/18/2025 | C.3 | 12/18/2025 | Long Loan Book | |||||
| Library of Congress Classification | Law | Kisii University Library | Kisii University Library | On Display | 12/18/2025 | 110315 | KNS 540. S29 2022 | 000000018082 | 12/18/2025 | C.4 | 12/18/2025 | Long Loan Book |